[Event "Club Championships"]
[Site "Wellington Chess Club"]
[Date "2014.11.20"]
[Round "9"]
[White "Ker, Anthony"]
[Black "Forster, Bill"]
[Result "1-0"]
[WhiteElo "2435"]
[BlackElo "2081"]

1. e4 c5 2. c3 Qa5 3. Na3 Nc6 4. Nc4 Qc7 5. d4 cxd4 6. cxd4 e5 7. d5 Nd4 8. Nf3
Nxf3+ 9. Qxf3 Bb4+ 10. Bd2 Bxd2+ 11. Nxd2 Nf6 12. Qa3 d6 13. Bd3 O-O 14. O-O
Nh5 15. Rfc1 Qe7 16. Nc4 Nf4 17. Bf1 Rd8 18. Nb6 Qg5 19. g3 Rb8 20. Nxc8 Rdxc8
21. Rxc8+ Rxc8 22. Qxd6 Ng6 23. Qd7 Rc2 24. Qxb7 h5 25. Qxa7 Nh4 26. Bg2 Nxg2
27. Kxg2 h4 28. Qd7 g6 29. Rf1 Rxb2 30. a4 Ra2 31. d6 Ra3 32. Rd1 Qf6 33. Kg1
Ra2 34. Rf1 g5 35. Qe7 Qf3 36. Qxg5+ 1-0

[Event "Club Championships"]
[Site "Wellington Chess Club"]
[Date "2014.11.20"]
[Round "9"]
[White "Lamerton, Troy"]
[Black "Sole, Michael"]
[Result "1/2-1/2"]
[WhiteElo "1731"]
[BlackElo "1746"]

1. d4 d5 2. Nf3 Nf6 3. Bf4 e6 4. e3 c5 5. c3 Qb6 6. Qc2 Nc6 7. Nbd2 cxd4 8.
exd4 a6 9. h3 Bd7 10. Bd3 Rc8 11. O-O Be7 12. Rfe1 Bd8 13. Ne5 Bc7 14. Ndf3 Nb4
15. Qd2 Nxd3 16. Nxd3 Ne4 17. Qe3 Bb5 18. Bxc7 Rxc7 19. Nc5 Nxc5 20. dxc5 Qxc5
21. Qe5 O-O 22. Re3 Qb6 23. Rd1 Rfc8 24. Nd4 Bd7 25. Rd2 f6 26. Qh5 Be8 27. Qg4
e5 28. Nf5 Bg6 29. Ne7+ Rxe7 30. Qxc8+ Re8 31. Qd7 Rd8 32. Qa4 d4 33. cxd4 exd4
34. Rb3 Qe6 35. Rxd4 Qe1+ 36. Kh2 Qe5+ 37. Rf4 Be8 38. Qe4 Qd6 39. g3 Bc6 40.
Qc4+ Bd5 41. Rd3 Bxc4 42. Rxd6 Rxd6 43. Rxc4 Rc6 44. Rc3 Rxc3 45. bxc3 Kf7 46.
Kg2 Ke6 47. Kf3 Kd5 48. Ke3 Kc4 49. Kd2 g6 50. Kc2 f5 51. f3 h6 52. h4 g5 53.
hxg5 hxg5 54. Kd2 b6 55. Kc2 b5 56. f4 g4 57. a3 a5 58. Kd2 a4 1/2-1/2

[Event "Club Championships"]
[Site "Wellington Chess Club"]
[Date "2014.11.20"]
[Round "9"]
[White "List, Robert"]
[Black "Wight, Joshua"]
[Result "1-0"]
[WhiteElo "1724"]
[BlackElo "1204"]

1. Nc3 e5 2. e4 Bb4 3. a3 Bxc3 4. bxc3 d6 5. Bc4 Qg5 6. Qf3 Nf6 7. d3 Qg4 8.
Qxg4 Bxg4 9. Rb1 b6 10. h3 Bd7 11. Bg5 Ng8 12. Nf3 h6 13. Be3 Nf6 14. g4 O-O
15. g5 hxg5 16. Nxg5 Ba4 17. Kd2 Be8 18. Rbg1 Nbd7 19. Nf3 Kh8 20. Rg5 g6 21.
Rhg1 Kg7 22. Nh4 Nh7 23. R5g2 Rg8 24. f4 exf4 25. Bxf4 Ne5 26. Bb3 Rd8 27. d4
Nc6 28. Nf5+ Kh8 29. Ne3 Nf6 30. Bh2 Nxe4+ 31. Kd3 Nf6 32. h4 Ne7 33. Rf2 Bb5+
34. c4 Bd7 35. Rxf6 1-0

[Event "Club Championships"]
[Site "Wellington Chess Club"]
[Date "2014.11.20"]
[Round "9"]
[White "Nicholls, Alistair"]
[Black "Roberts, Michael"]
[Result "0-1"]
[WhiteElo "1850"]
[BlackElo "1761"]

1. e4 e5 2. f4 exf4 3. Nf3 d5 4. exd5 Nf6 5. Nc3 Bc5 6. d4 Bb4 7. a3 Bxc3+ 8.
bxc3 O-O 9. Be2 Nxd5 10. Bd2 Bf5 11. c4 Ne3 12. Bxe3 fxe3 13. O-O Nd7 14. Bd3
Bxd3 15. Qxd3 Qe7 16. Rfe1 Rfe8 17. Re2 c5 18. d5 Nf6 19. Rae1 Qd6 20. Rxe3
Rxe3 21. Rxe3 Re8 22. Rxe8+ Nxe8 23. Ng5 g6 24. Ne4 Qe5 25. d6 Nf6 26. Nxf6+
Qxf6 27. d7 Qd8 28. Qd5 b6 29. Qc6 Kf8 30. Qd6+ Kg8 31. a4 a5 32. Kf1 Kg7 33.
Ke2 f5 34. h4 Kf7 35. Kf3 h6 36. g3 Qa8+ 37. Kf2 Qd8 38. Kf3 Qa8+ 39. Qd5+
Qxd5+ 40. cxd5 Ke7 41. Kf4 Kxd7 42. Ke5 b5 43. axb5 a4 44. b6 a3 0-1

[Event "Club Championships"]
[Site "Wellington Chess Club"]
[Date "2014.11.20"]
[Round "9"]
[White "Rossiter, Philip"]
[Black "Stracy, Don"]
[Result "1-0"]
[WhiteElo "1922"]
[BlackElo "1855"]

1. d4 Nf6 2. c4 e6 3. Nf3 b6 4. Nc3 Bb7 5. Bg5 h6 6. Bh4 Bb4 7. e3 g5 8. Bg3
Ne4 9. Qc2 d6 10. Bd3 Bxc3+ 11. bxc3 Nxg3 12. hxg3 Nd7 13. e4 Kf8 14. O-O-O Kg7
15. Nd2 Qe7 16. Nf1 Nf6 17. Ne3 Raf8 18. f4 h5 19. Rdf1 Ng4 20. Nxg4 hxg4 21.
Qd2 d5 22. cxd5 exd5 23. e5 Qa3+ 24. Qb2 Qxb2+ 25. Kxb2 gxf4 26. gxf4 g3 27.
Rxh8 Rxh8 28. Rf3 Rh2 29. Rxg3+ Kf8 30. f5 c5 31. f6 cxd4 32. cxd4 Bc8 33. Be2
Rh1 34. Rc3 Bf5 35. Bf3 Rh4 36. g4 Rh2+ 37. Ka3 Rc2 38. Rxc2 Bxc2 39. Bxd5 Bd1
40. g5 Bg4 41. Kb4 Bd7 42. Be4 Ke8 43. g6 fxg6 44. Bxg6+ Kf8 45. d5 a5+ 46. Kb3
1-0

[Event "Club Championships"]
[Site "Wellington Chess Club"]
[Date "2014.11.20"]
[Round "9"]
[White "Sknar, Andrew"]
[Black "Meravanage, Satwik"]
[Result "1/2-1/2"]
[WhiteElo "1039"]
[BlackElo "1238"]

1. e4 e5 2. Nf3 Nc6 3. Bc4 Nf6 4. Ng5 Bc5 5. Nxf7 Bxf2+ 6. Kf1 Qe7 7. Nxh8 d6
8. Nf7 Bh4 9. d3 Bg4 10. Qd2 Nh5 11. g3 Nd4 12. Qf2 {Draw agreed!} 1/2-1/2

[Event "Club Championships"]
[Site "Wellington Chess Club"]
[Date "2014.11.20"]
[Round "9"]
[White "Sole, Christopher"]
[Black "Baker, Jack"]
[Result "1/2-1/2"]
[WhiteElo "953"]
[BlackElo "1396"]

{ } 1. e4 e5 2. Nf3 Nc6 3. Bc4 Bc5 4. d3 d6 5. O-O Bg4 6. Re1 Nd4 7. Nbd2 h5 8.
c3 Nxf3+ 9. Nxf3 h4 10. h3 Nh6 11. hxg4 Nxg4 (11... Nxg4 {Rybka 2.3.2a mp
32-bit  3.26 (depth 14)} 12. d4 Bb6 13. Ng5 Nh6) 12. Be3 Nxe3 13. fxe3 h3 14.
Kf2 Qf6 15. Rh1 h2 16. Ke2 Qg6 17. Qf1 Qg4 18. Kd2 Qg3 19. Re1 O-O-O 20. b4 Bb6
21. a3 f6 22. Be6+ Kb8 23. Re2 g6 24. Qf2 Qxf2 25. Rxf2 Rde8 26. Bf7 Re7 27.
Bxg6 Rg7 28. Bf5 Rg3 29. Ke2 a6 (29... a6 {Rybka 2.3.2a mp 32-bit  3.76 (depth
16)} 30. Kd2 c6 31. Re2 Rd8 32. Rxh2 Rdg8 33. Be6 Re8 34. Bd7 Re7 35. Bf5 Rg8
36. Rh7) 30. Rxh2 $2 Rxh2 31. Nxh2 Rxe3+ 32. Kf1 Rxd3 33. Rc2 a5 34. b5 a4 35.
Ng4 Ba5 36. Ke2 Rg3 37. Kf2 Rxc3 38. Rxc3 Bxc3 39. Nxf6 Bd4+ 40. Ke2 Bb2 (40...
Bb2 {Rybka 2.3.2a mp 32-bit  4.10 (depth 19)} 41. Kd2 Bxa3 42. g4 Bb4+ 43. Kc2
a3 44. g5 Bd2 45. g6 Bh6 46. Kb3 Ka7 47. Kxa3 Kb6) 41. Nd5 $4 c6 42. bxc6 bxc6
43. Nb6 Bxa3 44. Nxa4 d5 45. exd5 cxd5 46. Nc3 d4 47. Ne4 Kc7 48. g4 Kd8 49. g5
Ke7 50. g6 Kf8 51. Kd3 Kg7 52. Kc4 Bc1 (52... Bc1 {Rybka 2.3.2a mp 32-bit  7.08
(depth 19)} 53. Ng3 Kf8 54. Nh5 Bh6 55. Kd5) 53. Kd5 $4 d3 54. Kxe5 d2 55. Nxd2
$4 Bxd2 { In hindsight,  I (White) was obviously overprotective in the endgame
and didn't reach my potential as a result.} 1/2-1/2

[Event "Club Championships"]
[Site "Wellington Chess Club"]
[Date "2014.11.20"]
[Round "9"]
[White "Stoeveken, Peter"]
[Black "Wilkins, Mark"]
[Result "1-0"]
[WhiteElo "1856"]
[BlackElo "1886"]

1. d4 Nf6 2. c4 e6 3. Nf3 Bb4+ 4. Bd2 a5 5. a3 Be7 6. Nc3 b6 7. e4 Bb7 8. Bd3
d6 9. Bg5 Nfd7 10. Bf4 Na6 11. Bc2 Bf6 12. Qd3 e5 13. Be3 exd4 14. Bxd4 Nac5
15. Qe3 O-O 16. O-O Re8 17. Nd2 Ne6 18. Bxf6 Nxf6 19. Rad1 Ng4 20. Qh3 Nd4 21.
Ba4 Bc8 22. Qd3 c5 23. Bxe8 Qxe8 24. Nf3 Ne5 25. Nxe5 dxe5 26. Nd5 Qd8 27. f4
Bg4 28. Rd2 Nc6 29. Qg3 Bh5 30. fxe5 Kf8 31. Rdf2 Nd4 32. Kh1 Ra7 33. Nf4 Bg6
34. Nxg6+ hxg6 35. Qxg6 Qe8 36. Qxb6 1-0

[Event "Club Championships"]
[Site "Wellington Chess Club"]
[Date "2014.11.20"]
[Round "9"]
[White "Stone, Andrew"]
[Black "Nijman, Brian"]
[Result "0-1"]
[WhiteElo "2058"]
[BlackElo "2180"]

{Andrew Stone annotates another exciting game - the unfortunate denouement is a
minor tragedy for Andrew, credit to him for annotating the game anyway. This
game is bitter-sweet for me. Sweet because I obtained a very nice position out
of the opening with serious chances. Bitter because a fairy-tale outcome did
not ensue and goes to show that not all chess lessons are on the board.} 1. e4
c6 2. d4 d5 3. Nc3 dxe4 4. Nxe4 Nf6 5. Nxf6+ gxf6 6. Nf3 Bf5 7. Bd3 Bg6 8. O-O
Qc7 9. c4 Nd7 10. Be3 O-O-O 11. Rc1 e5 12. Qc2 Kb8 13. Rfd1 c5 14. d5 Nb6
{#Diagram Black will be able to get the ideal piece to blockade my passed pawn
by re-routing the knight to d6 but I wasn't too worried as my knight goes to f5
easily and I had planned b4 even after the knight goes to d6 which would help
me open some lines for black's king.} 15. Nh4 Nc8 16. Nf5 Re8 $6 {Brian tries
to be sneaky} 17. Qa4 (17. h3 { If white does nothing then} 17... e4 18. Bxe4
Rxe4 19. Qxe4 Nd6) 17... Bd6 18. Nxd6 Nxd6 {Brian took an unusual long pause
despite the fact that his hand gestured he was already going to capture d6 with
the Knight. I assume he only just realised White's following move.} 19. b4 b6 (
19... cxb4 20. Qxa7+ Kc8 21. c5 { is of course a no no} ) 20. bxc5 bxc5 21.
Rb1+ Ka8 22. Bxg6 hxg6 23. Qc6+ Qxc6 24. dxc6 {I was quite sure that the queen
exchange was going to provide me with a nice plus as the passed c pawn proves
to be a bit of a nuisance} 24... Rb8 25. Bxc5 ( {Of course not} 25. Rxb8+ Rxb8
26. Rxd6 Rb1+) 25... Nxc4 26. Rbc1 Nb6 27. g3 {I thought it would be smart to
get rid of the back rank mate threat but}  (27. Rd6 f5 28. c7 Rbc8 29. Bxb6
axb6 30. Rxb6 {is not bad for white} ) 27... Rhe8 28. Bxb6 Rxb6 29. Rd7 Rc8 30.
c7 Kb7 {By now, Brian is running short on time which is ironic as the result of
this game will show} 31. Rxf7 f5 32. Rg7 e4 33. h4 Rb2 (33... Rc6 34. Rxc6 Kxc6
35. Rxg6+ Kxc7 36. Rf6 {and black's pawn falls off with the threat of passed h
pawn difficult to deal with} ) 34. a4 Rb4 35. Rxg6 Rxa4 36. h5 e3 37. fxe3 Rg4
$2 {#Diagram Brian was down to his last minute but this was a fatal exchange
for black}  (37... Rxc7 38. Rxc7+ Kxc7 39. h6 Ra1+ 40. Kg2 Ra2+ 41. Kh3 Ra1 42.
Rg7+ Kb6 43. Kh4 Rh1+ 44. Kg5 $18) 38. Rxg4 fxg4 39. h6 a5 40. h7 a4 41. e4 $5
{ Not wrong but the immediate}  (41. Rb1+ $1 Kxc7 (41... Kc6 42. Rb8 Rxc7 43.
h8=Q) 42. Rc1+ Kd7 43. Rxc8 {wins. Looks like that redbull I drank during the
game did nothing but turned me into a zombie.} ) 41... a3 42. Kf2 $6 {Lazy
chess at its finest. Don't want to think? Stick to old chess wisdom such as
"develop your king for end game". As Brian said after the game, black can't do
anything about the e pawn running down to e8 then when the black rook moves
away, c8Q, swap rook and h pawn queen with ease or the same idea of}  (42. Rb1+
Kxc7 (42... Kc6 43. Ra1 Kb7 44. Rxa3 $18) 43. Rc1+ Kd7 44. Rxc8) 42... Rf8+ 43.
Ke3 Kc8 { Because of Kf2, black has now replaced the blockade with the ideal
king} 44. Kd4 {By now I know that we were both short on time but somehow I
never took this factor seriously as I was ahead by time for the most part of
this game... and because it was close to midnight and way past the bedtime my
mum usually set for me} 44... Rh8 {and White lost on time. A Houdini escape for
Brian and painful lesson for me.}  (44... Rh8 {Ed: Spectating I saw that} 45.
Ra1 $1 {wins easily for White because} 45... Rxh7 46. Rxa3 Rxc7 $2 (46... Kxc7
$4 47. Ra7+) 47. Rc3 {swaps to a winning pawn ending so White remains two pawns
up. It's amazing how easy it is if you are only watching!} ) 0-1

[Event "Club Championships"]
[Site "Wellington Chess Club"]
[Date "2014.11.27"]
[Round "2"]
[White "Brockway, Andrew"]
[Black "Stoeveken, Peter"]
[Result "0-1"]
[WhiteElo "1785"]
[BlackElo "1855"]

1. e4 c5 2. Nc3 Nc6 3. Bb5 a6 4. Bxc6 bxc6 5. f4 d5 6. d3 d4 7. Nce2 Bg4 8. Qd2
Nf6 9. h3 Bd7 10. Nf3 e6 11. O-O g6 12. Qe1 Be7 13. Bd2 Qb6 14. Rb1 Nh5 15. Ng3
Ng7 16. f5 Qb8 17. fxe6 Bxe6 18. Ng5 Bxa2 19. Bf4 Qd8 20. Ra1 Bxg5 21. Rxa2
Bxf4 22. Rxf4 Ne6 23. Rf1 O-O 24. Ne2 Qb6 25. Qf2 Qc7 26. Qf6 Qd8 27. Qf2 Ra7
28. Rfa1 Qb6 29. Qe1 f5 30. exf5 Rxf5 31. Ng3 Rf6 32. Qe5 Kf7 33. Ne4 Rf5 34.
Nd6+ Ke7 35. Nxf5+ gxf5 36. Qxf5 Qb4 37. Qxh7+ Kd6 38. Qxa7 Nf4 39. Qg7 Qd2 40.
Qg3 Kd7 41. Qg7+ Kd6 42. Qf6+ Kd7 43. Rxa6 Qxg2# 0-1

[Event "Club Championships"]
[Site "Wellington Chess Club"]
[Date "2014.11.27"]
[Round "2"]
[White "Ker, Anthony"]
[Black "Dive, Russell"]
[Result "1/2-1/2"]
[WhiteElo "2435"]
[BlackElo "2440"]

1. e4 c6 2. d4 d5 3. exd5 cxd5 4. c4 Nf6 5. cxd5 Nxd5 6. Nc3 g6 7. Qb3 Nb6 8.
Bb5+ N8d7 9. a4 a6 10. Bxd7+ Nxd7 11. Nf3 Bg7 12. a5 O-O 13. O-O Nf6 14. Bf4
Bg4 15. Qxb7 Bxf3 16. Qxf3 Qxd4 17. Rfe1 Qb4 18. Be5 Rac8 19. h3 Rfd8 20. Qe2
Qc4 21. Qxc4 Rxc4 22. Rad1 Rdc8 23. Bxf6 Bxf6 24. Nd5 Rb8 25. b4 Kg7 26. Re3
Bd4 27. Rxe7 Rd8 28. Ne3 Rxb4 29. Kf1 Ra4 30. Nc2 Bf6 31. Rxd8 Bxe7 32. Rd5 Rc4
33. Nd4 Bc5 34. Nb3 Bb4 35. Ke2 Kf6 36. Nd4 Rc3 37. h4 h5 38. f3 Rc5 39. Rd6+
Ke5 40. Rb6 Kxd4 41. Rxb4+ Kd5 42. Rb7 Rxa5 43. Rxf7 Ra2+ 44. Ke3 Rxg2 45. Rf6
Rh2 46. Rxg6 Rxh4 47. Rxa6 Ke5 1/2-1/2

[Event "Club Championships"]
[Site "Wellington Chess Club"]
[Date "2014.11.27"]
[Round "4"]
[White "Croad, Nicolas"]
[Black "Stone, Andrew"]
[Result "1-0"]
[WhiteElo "2368"]
[BlackElo "2058"]

1. d4 Nf6 2. c4 g6 3. Nc3 d5 4. Nf3 Bg7 5. Qa4+ Bd7 6. Qb3 dxc4 7. Qxc4 O-O 8.
Bf4 Na6 9. e4 c5 10. e5 Nh5 11. Be3 cxd4 12. Qxd4 Bc6 13. Be2 Qxd4 14. Nxd4 Nb4
15. a3 Nd5 16. Nxc6 bxc6 17. Nxd5 cxd5 18. g4 Bxe5 19. gxh5 Bxb2 20. Ra2 Bc3+
21. Bd2 Bf6 22. Bf3 e6 23. Ke2 Rab8 24. Rc1 Be5 25. h3 Rb3 26. Rc6 Rfb8 27. h6
Bb2 28. Bc1 Rc3 29. Rxc3 Bxc3 30. Rc2 d4 31. Bd2 Rb3 32. Bxc3 dxc3 33. a4 Kf8
34. Kd3 Rb4 35. Ra2 a5 36. Kxc3 Rh4 37. Bg2 Ke7 38. Kb3 Rb4+ 39. Ka3 Rc4 40.
Rb2 Rc3+ 41. Rb3 Rc2 42. Rb7+ Kf6 43. Rb2 Rc3+ 44. Rb3 Rc2 45. Rf3+ Ke7 46. Bf1
Rc5 47. Kb3 Rh5 48. Kc4 Kd6 49. Rxf7 Rxh6 50. Kb5 Rh5+ 51. Kb6 1-0

[Event "Club Championships"]
[Site "Wellington Chess Club"]
[Date "2014.11.27"]
[Round "4"]
[White "Stracy, Don"]
[Black "Wilkins, Mark"]
[Result "0-1"]
[WhiteElo "1855"]
[BlackElo "1886"]

1. e4 c6 2. Nc3 d5 3. Nf3 Bg4 4. h3 Bxf3 5. Qxf3 e6 6. d3 Nd7 7. Be2 Ngf6 8.
O-O Bb4 9. Nd1 Ne5 10. Qg3 Ng6 11. e5 Nd7 12. c3 Be7 13. d4 c5 14. f4 Qb6 15.
Qd3 cxd4 16. cxd4 Rc8 17. Be3 f5 18. Nc3 O-O 19. Qb5 Qxb5 20. Nxb5 a6 21. Nc3
Nb6 22. g4 Nc4 23. Bc1 Bb4 24. gxf5 Bxc3 25. bxc3 exf5 26. Bf3 Ne7 27. a4 Rc6
28. Ba3 Nxa3 29. Rxa3 Rfc8 30. Rc1 Kf7 31. Rb3 b6 32. Kf2 Ke6 33. c4 dxc4 34.
Rbc3 Nd5 35. Bxd5+ Kxd5 36. Ke3 Rh6 37. Rh1 b5 38. axb5 axb5 39. Ra3 Rg6 40.
Kf3 c3 41. Rc1 c2 42. Ra5 Rc3+ 43. Kf2 Rb6 44. Ra2 Rbc6 45. Ra5 Rb3 46. Ra7 Rb1
47. Rd7+ Ke4 48. e6 Rxc1 49. e7 Re6 50. Rc7 Kd3 51. d5 Re2+ 52. Kg3 Rg1+ 53.
Kh4 Rxe7 0-1

[Event "Club Championships"]
[Site "Wellington Chess Club"]
[Date "2014.11.27"]
[Round "5"]
[White "Forster, Bill"]
[Black "Timergazi, Layla"]
[Result "1-0"]
[WhiteElo "2081"]
[BlackElo "2071"]

1. Nf3 d5 2. b3 Nf6 3. Bb2 c5 4. e3 Nc6 5. g3 Bg4 6. Bg2 e6 7. d3 h6 8. Qd2 Qc7
9. Nc3 O-O-O 10. O-O d4 11. exd4 Bxf3 12. Bxf3 Nxd4 13. Bg2 h5 14. a4 h4 15.
Nb5 Qe5 16. Bxd4 cxd4 17. Qa5 Bc5 18. b4 hxg3 19. bxc5 gxf2+ 20. Rxf2 Ng4 21.
Nxa7+ Kb8 22. Nc6+ bxc6 23. Rb1+ Kc8 24. Qa6+ Kd7 25. Qb7+ 1-0

[Event "Club Championships"]
[Site "Wellington Chess Club"]
[Date "2014.11.27"]
[Round "6"]
[White "Rossiter, Philip"]
[Black "Nicholls, Alistair"]
[Result "0-1"]
[WhiteElo "1922"]
[BlackElo "1850"]

{A29: English Opening: Four Knights Variation with 4 g3} 1. c4 e5 2. Nc3 Nf6 3.
Nf3 Nc6 4. g3 Bc5 5. Bg2 O-O 6. O-O d6 7. a3 a5 8. d3 h6 {last book move} 9.
Bd2 (9. e3 Bg4 $11) 9... Be6 (9... Re8 10. Rc1 $11) 10. e3 {Secures d4} 10...
Qd7 11. Na4 (11. Rc1 Bf5 12. Ne1 Bg4 $11) 11... Bh3 (11... e4 12. dxe4 (12.
Nxc5 dxc5 13. Nh4 Qxd3 $15) 12... Nxe4 13. Nd4 Bxd4 14. Bxe4 $11) 12. Nxc5 (12.
Qc2 Bxg2 13. Kxg2 Rfe8 $11) 12... dxc5 13. Bc3 {White threatens to win
material: Bc3xe5} 13... Rfe8 14. Qc2 Bxg2 15. Kxg2 {White king safety dropped}
15... Rad8 16. Rad1 Qf5 (16... Qe6 17. Ne1 $11) 17. Qe2 (17. e4 Qd7 $11) 17...
Rd6 (17... e4 18. dxe4 Nxe4 19. Rxd8 Rxd8 20. Rc1 $15) 18. e4 Qd7 19. Nh4 (19.
Rd2 Nd4 20. Bxd4 exd4 $11) 19... g6 {Prevents intrusion on f5}  (19... Rd8 $5
20. Nf3 Rxd3 21. Rxd3 Qxd3 22. Qxd3 Rxd3 23. Nxe5 Rxc3 24. Nxc6 Rc2 25. Nxa5
Nxe4 26. Nxb7 Rxb2 $15) 20. Qe3 Kg7 (20... Kh7 21. Qe2 $11 (21. Qxc5 Nxe4 22.
Qb5 Ng5 $17) ) 21. h3 {Covers g4} 21... b6 (21... Rd8 22. Nf3 Qe6 23. b3 $11 (
23. Qxc5 $2 {is no good} 23... Rxd3 24. Rde1 Nd7 $19) ) 22. f4 Nd4 {Menacing}
(22... Kh7 $5 $11 {is worthy of consideration} ) 23. fxe5 $16 Rxe5 24. Qf2 (24.
Nf3 $5 Re7 25. Qf2 $16) 24... Nh7 25. Qf4 {White threatens to win material:
Qf4xe5}  (25. Nf3 Ng5 26. Bxd4 cxd4 27. Nxe5 Qxh3+ 28. Kg1 Qe6 $16) 25... Rh5 (
25... f6 26. Nf3 Ne2 27. Qe3 Nxc3 28. bxc3 $11) 26. Qf2 (26. Rd2 Rf6 27. Qg4
Qxg4 28. hxg4 Rxf1 29. gxh5 Rf6 $14) 26... Rf6 $11 27. Bxd4 cxd4 ( {Weaker is}
27... Qxd4 28. Qxd4 cxd4 29. Rxf6 Nxf6 30. Nf3 $16) 28. Qe2 Ng5 {Black
threatens to win material: Ng5xh3}  (28... Rxf1 29. Rxf1 Re5 30. Nf3 $11) 29.
Qg4 $14 {White threatens to win material: Qg4xd7} 29... Ne6 (29... Rxf1 $5 30.
Qxd7 Rxd1 31. Qxd4+ Kh7 $14) 30. Rxf6 $16 Kxf6 31. Rf1+ Kg7 32. Rf5 (32. Nf5+
$5 Kh7 33. Qe2 $16) 32... Rg5 33. Rxg5 hxg5 {Black has new doubled pawns:
g5+g6} 34. Nf3 {White threatens to win material: Nf3xg5} 34... Qa4 35. Ne1 Qb3
{Black threatens to win material: Qb3xb2} 36. Qe2 Nc5 37. e5 {Black has a new
backward pawn: f7} 37... Na4 38. Qe4 $4 {hands over the advantage to the
opponent}  (38. e6 {would be a reprieve} 38... fxe6 39. Qe5+ Kf7 40. Kf1 $11)
38... Qxb2+ $19 39. Kf1 Nc5 40. Nf3 $4 {the pressure is too much, White
crumbles}  (40. Qf3 Ne6 41. a4 $19) 40... Nxe4 (40... Nxe4 41. dxe4 d3 42. Kg1
Qe2 43. Nd4 Qe1+ 44. Kg2 d2 45. e6 d1=Q 46. Nf5+ gxf5 47. h4 Qf1+ 48. Kh2 Qh1#)
0-1

[Event "Club Championships"]
[Site "Wellington Chess Club"]
[Date "2014.11.27"]
[Round "7"]
[White "Asplet, Mike"]
[Black "Coghini, Phillip"]
[Result "0-1"]
[WhiteElo "1566"]
[BlackElo "1747"]

1. e4 c5 2. Nf3 d6 3. d4 cxd4 4. Nxd4 Nf6 5. Nc3 a6 6. Be2 g6 7. Be3 Bg7 8. Qd2
Ng4 9. Bxg4 Bxg4 10. Nb3 Nd7 11. f3 Be6 12. Nd4 Ne5 13. Nxe6 fxe6 14. Qe2 b5
15. Bd4 Nxf3+ 16. Qxf3 Bxd4 17. Rf1 Kd7 18. Rd1 Be5 19. Qh3 Rc8 20. Nd5 Rxc2
21. Rf7 Re8 22. Qd3 Rc6 23. Qh3 Qa5+ 24. Kf1 Qxa2 25. Nb4 Qc4+ 26. Nd3 Bxb2 27.
Rxh7 Rf8+ 28. Kg1 Bd4+ 29. Kh1 Qc2 30. Re1 Rc3 0-1

[Event "Club Championships"]
[Site "Wellington Chess Club"]
[Date "2014.11.27"]
[Round "7"]
[White "Cunningham, Patrick"]
[Black "Lamerton, Troy"]
[Result "0-1"]
[WhiteElo "1734"]
[BlackElo "1731"]

1. e4 e6 2. d4 d5 3. exd5 exd5 4. Nf3 Nf6 5. Bd3 Bd6 6. O-O O-O 7. Bg5 Bg4 8.
Nbd2 h6 9. Bh4 Nbd7 10. h3 Bh5 11. Re1 c6 12. c3 Qc7 13. Qc2 Bxf3 14. Nxf3 Rae8
15. Re2 Re7 16. Rae1 Rxe2 17. Rxe2 Kh8 18. Bf5 Rg8 19. Bxd7 Nxd7 20. Qf5 Nf8
21. Ne5 Bxe5 22. Rxe5 Ng6 23. Bg3 Nxe5 24. Bxe5 Qe7 25. Qf4 f6 26. Bd6 Qe4 27.
Qxe4 dxe4 28. Kf1 g5 29. Ke2 Kg7 30. Ke3 Kg6 31. Kxe4 Re8+ 32. Kf3 Re1 33. Bc5
Ra1 34. Bxa7 Rxa2 35. Bc5 Rxb2 36. Bb4 h5 37. g4 h4 38. Ke3 Rb1 39. Kf3 Rc1 40.
Kg2 Rc2 41. Kf3 f5 42. gxf5+ Kxf5 43. Ke3 g4 44. hxg4+ Kxg4 45. f3+ Kg3 46.
Bd6+ Kg2 47. f4 h3 48. f5 h2 49. Bxh2 Kxh2 50. f6 Rxc3+ 0-1

[Event "Club Championships"]
[Site "Wellington Chess Club"]
[Date "2014.11.27"]
[Round "9"]
[White "Nyberg, Michael"]
[Black "Perry, Roger"]
[Result "0-1"]
[WhiteElo "2081"]
[BlackElo "2098"]

1. e4 c5 2. Nf3 d6 3. g3 Nc6 4. Bg2 g6 5. d3 Bg7 6. c3 e5 7. Bg5 Nge7 8. Na3
O-O 9. Qd2 Be6 10. h4 f6 11. Be3 b6 12. h5 g5 13. Nc2 h6 14. d4 cxd4 15. cxd4
d5 16. dxe5 fxe5 17. Nxg5 hxg5 18. h6 Bf6 19. Bxg5 d4 20. h7+ Kh8 21. Rh6 Bxg5
22. Qxg5 Qd7 23. Nb4 Rf7 24. Nd3 Rg7 25. Qf6 Bf7 26. Bh3 Qe8 27. a3 Bg6 28.
Nxe5 Nxe5 29. Qxe5 Nc6 30. Qxe8+ Rxe8 31. f3 Ne5 32. Bg2 Nf7 33. Rh1 Rxh7 34.
O-O-O Rxh1 35. Rxh1+ Kg7 36. Kd2 Ne5 37. Rc1 Rh8 38. Rc7+ Bf7 39. f4 Nc4+ 40.
Ke1 Rh2 41. Bf3 d3 42. e5 d2+ 43. Kf1 Ne3+ 44. Kg1 Rg2+ 45. Kh1 Rf2 46. Bh5 Kh6
47. Rxf7 Kxh5 48. Rd7 d1=Q+ 49. Rxd1 Nxd1 50. Kg1 Kg4 0-1

[Event "Club Championships"]
[Site "Wellington Chess Club"]
[Date "2014.11.27"]
[Round "10"]
[White "Baker, Jack"]
[Black "Bennett, Ezra"]
[Result "1-0"]
[WhiteElo "1396"]
[BlackElo "1236"]

1. e4 Nf6 2. Nc3 Nc6 3. d4 e5 4. dxe5 Nxe5 5. Bg5 d6 6. Nd5 Be7 7. Nf3 Nc6 8.
Bc4 Nxe4 9. Nxc7+ Qxc7 10. Qd5 Nxg5 11. Nxg5 Bxg5 12. Qxg5 Ne5 13. Qxg7 Rf8 14.
Bb5+ Bd7 15. Bxd7+ Qxd7 16. O-O-O O-O-O 17. Rhe1 Nc4 18. Qc3 d5 19. b3 b5 20.
bxc4 bxc4 21. Qa5 d4 22. Re4 Qb7 23. Rdxd4 Rxd4 24. Rxd4 Qxg2 25. Qc5+ Kb8 26.
Qxf8+ Kb7 27. Qb4+ Ka8 28. Rd8# 1-0

[Event "Club Championships"]
[Site "Wellington Chess Club"]
[Date "2014.11.27"]
[Round "10"]
[White "Collings, Alex"]
[Black "Meravanage, Satwik"]
[Result "0-1"]
[WhiteElo "1203"]
[BlackElo "1238"]

1. e4 e5 2. d4 exd4 3. Qxd4 Nc6 4. Qd3 Nf6 5. Nf3 d6 6. Nc3 Be6 7. Be3 a6 8.
Be2 Ne5 9. Nxe5 dxe5 10. Qxd8+ Rxd8 11. Rd1 Bd6 12. Nd5 Nxd5 13. exd5 Bf5 14.
Bd3 e4 15. Be2 Kd7 16. h3 h5 17. f3 Bg6 18. Rd4 Bc5 19. Rxe4 Bxe4 20. Bxc5 Bxc2
0-1